LEADER 01000nam a2200241 i 4500 001 000000172736 003 CaOOAMICUS 005 20081202000000.0 008 081202s1967 it u000 u ita u 013 $a150179 040 $aSeMil$bita 100 1 $aUfficio Nazionale dello Spettacolo .$0(OLS)http://semarc/name/64566 245 13$aLa realtà cristiana nell'epoca degli audiovisivi /$cUfficio Nazionale dello Spettacolo. 260 $aRoma :$b[s.n.],$c1967$e(Roma :$fO.G.C. ,$g1967) 300 $a291 p. ;$c21 cm. 500 $aDono del card. Giovanni Colombo. 650 4$aCristianesimo - Mezzi di comunicazione.$0(OLS)http://semarc/subject/24310 850 $aSeMil 852 $aSeMil$W1$xVenegono$y1$m3M III 202$j123590$B123590$CSeMilBibl$Z2$F141093 $81 941 1 $a3 961 $aLascito: Colombo Card. Giovanni 996 $6245$aLa realtà cristiana nell'epoca degli audiovisivi$9(OLS)http://semarc/title/247429 996 $6260$aRoma :$b[s.n.]$9(OLS)http://semarc/publisher/29738 LEADER 00594nab a2200145 i 4500 001 000000279150 003 CaOOAMICUS 005 20130520000000.0 008 130520n xx uu u0 0und r 013 $a30630 040 $aSeMil$bita 245 13$aLa Chiesa si interroga sulla scuola in Italia. - 16 p. - Titolo principale dalla prima pagina. 500 $a19 maggio 2013. 773 0 $t[2013 : Gennaio-Giugno].$dBologna : Centro Editoriale Dehoniano, 2013.$w()218071 996 $6245$aLa Chiesa si interroga sulla scuola in Italia. - 16 p. - Titolo principale dalla prima pagina.$9(OLS)http://semarc/title/362994